[Event "Titled Tue 10th Jun Early"]
[Site "chess.com INT"]
[Date "2025.06.10"]
[Round "4"]
[White "Lee, Junhyeok"]
[Black "Santos, Antonio P"]
[Result "1/2-1/2"]
[WhiteTitle "IM"]
[BlackTitle "FM"]
[WhiteElo "2434"]
[BlackElo "2165"]
[WhiteFideId "13202340"]
[BlackFideId "1900161"]
[EventDate "2025.06.10"]

1. d4 Nf6 2. c4 g6 3. Nc3 d5 4. Nf3 Bg7 5. e3 O-O 6. cxd5 Nxd5 7. Bc4 Nb6 8. Bb3
c5 9. O-O cxd4 10. exd4 Bg4 11. h3 Bxf3 12. Qxf3 Nc6 13. Be3 Nxd4 14. Qxb7 Nxb3
15. axb3 e6 16. Rxa7 Rxa7 17. Qxa7 Nd5 18. Bd4 Qb8 19. Nxd5 exd5 20. Bc5 Qxa7
21. Bxa7 Bxb2 22. Rd1 Rd8 23. b4 d4 24. Rd3 Bc3 25. b5 Rd5 26. b6 Rb5 27. g3 Kf8
28. Kg2 Ke8 29. Kf3 Kd7 30. b7 Rxb7 31. Bxd4 Bxd4 32. Rxd4+ Ke6 33. Re4+ Kf6 34.
Rf4+ Kg7 35. h4 h5 36. Kg2 Rb3 37. Re4 Ra3 38. Rd4 Rb3 39. Re4 Ra3 40. Rd4 Rb3
41. Re4 1/2-1/2

[Event "Titled Tue 10th Jun Early"]
[Site "chess.com INT"]
[Date "2025.06.10"]
[Round "4"]
[White "Paltrinieri, Nicholas"]
[Black "So, Wesley"]
[Result "0-1"]
[WhiteTitle "FM"]
[BlackTitle "GM"]
[WhiteElo "2359"]
[BlackElo "2745"]
[WhiteFideId "828262"]
[BlackFideId "5202213"]
[EventDate "2025.06.10"]

1. d4 Nf6 2. Bg5 d5 3. Bxf6 exf6 4. e3 Bd6 5. g3 h5 6. h4 g6 7. Bg2 c6 8. Ne2
O-O 9. b3 Re8 10. c4 dxc4 11. bxc4 Bb4+ 12. Nbc3 Bg4 13. Qb3 Bxc3+ 14. Qxc3 Nd7
15. Nf4 Nf8 16. Rb1 Qd7 17. O-O Ne6 18. d5 Nxf4 19. exf4 Kg7 20. Qd4 b6 21. Rfe1
Rad8 22. Qc3 c5 23. Rxe8 Rxe8 24. Re1 Rxe1+ 25. Qxe1 Qa4 26. Qe7 Qxc4 27. d6
Qc1+ 28. Kh2 Qd2 29. Kg1 Qd1+ 30. Kh2 Qd2 31. Kg1 c4 32. Qc7 c3 33. Be4 Qe1+ 34.
Kh2 Qxf2+ 35. Kh1 Qf1+ 36. Kh2 Qh3+ 37. Kg1 Qxg3+ 38. Kh1 Qe1+ 39. Kh2 Qf2+ 40.
Kh1 Qe1+ 41. Kh2 Qxe4 0-1

[Event "Titled Tue 10th Jun Early"]
[Site "chess.com INT"]
[Date "2025.06.10"]
[Round "4"]
[White "Raptis, Nick"]
[Black "Genkeswaran, Genivan"]
[Result "0-1"]
[WhiteTitle "FM"]
[BlackTitle "CM"]
[WhiteElo "2220"]
[BlackElo "2124"]
[WhiteFideId "2016850"]
[BlackFideId "5754496"]
[EventDate "2025.06.10"]

1. d4 c6 2. Nc3 d5 3. e4 dxe4 4. Nxe4 Nf6 5. Nxf6+ exf6 6. Bd3 Bd6 7. Qh5 Be6 8.
Ne2 Qd7 9. h3 Na6 10. c3 Nc7 11. O-O h6 12. Nf4 O-O-O 13. Nxe6 Nxe6 14. Be3 g6
15. Qf3 f5 16. Rfe1 Ng5 17. Bxg5 hxg5 18. c4 Bb4 19. Red1 g4 20. hxg4 fxg4 21.
Qf6 Rh5 22. d5 Rdh8 23. Kf1 Rh1+ 24. Ke2 Qe8+ 0-1

[Event "Titled Tue 10th Jun Early"]
[Site "chess.com INT"]
[Date "2025.06.10"]
[Round "4"]
[White "Principe, Gerson"]
[Black "Xiong, Jeffery"]
[Result "0-1"]
[WhiteTitle "FM"]
[BlackTitle "GM"]
[WhiteElo "2176"]
[BlackElo "2639"]
[WhiteFideId "3804550"]
[BlackFideId "2047640"]
[EventDate "2025.06.10"]

1. d4 d5 2. Nf3 Nf6 3. c4 e6 4. Nc3 dxc4 5. e3 a6 6. a4 c5 7. Bxc4 Nc6 8. O-O
Qc7 9. Qe2 Bd6 10. Rd1 O-O 11. Bd2 b6 12. Rac1 Bb7 13. d5 Na5 14. dxe6 Nxc4 15.
Qxc4 fxe6 16. e4 Rae8 17. Bg5 Ng4 18. h3 Bh2+ 19. Kf1 Nxf2 20. Kxf2 Qg3+ 21. Kf1
Qxg5 22. Rc2 Rxf3+ 23. gxf3 Qg1+ 24. Ke2 Qg2+ 25. Kd3 0-1

[Event "Titled Tue 10th Jun Early"]
[Site "chess.com INT"]
[Date "2025.06.10"]
[Round "4"]
[White "Estrada Nieto, Julian"]
[Black "Milare, Tyron"]
[Result "0-1"]
[WhiteTitle "IM"]
[BlackTitle "FM"]
[WhiteElo "2181"]
[BlackElo "2248"]
[WhiteFideId "5101018"]
[BlackFideId "12987018"]
[EventDate "2025.06.10"]

1. e4 d5 2. exd5 Qxd5 3. Nc3 Qd8 4. d4 e6 5. Nf3 Nf6 6. Bd3 Be7 7. O-O b6 8. Qe2
Bb7 9. Bg5 Nbd7 10. Rad1 h6 11. Bh4 Nd5 12. Bg3 Nxc3 13. bxc3 Bd6 14. Ne5 Bxe5
15. dxe5 Qe7 16. Qg4 Qg5 17. Qd4 O-O-O 18. Be4 Nc5 19. Bxb7+ Kxb7 20. Qc4 Qf5
21. Qe2 Qe4 22. Qxe4+ Nxe4 23. c4 Nc3 24. Rd3 Rxd3 25. cxd3 Rd8 26. f4 Rxd3 27.
f5 Ne2+ 28. Kh1 Rxg3 29. fxe6 fxe6 30. Rf7 Rc3 31. h4 Rxc4 32. Rxg7 Rxh4# 0-1

[Event "Titled Tue 10th Jun Early"]
[Site "chess.com INT"]
[Date "2025.06.10"]
[Round "4"]
[White "Tleukhanov, Yerlan"]
[Black "Arun, Siddharth"]
[Result "0-1"]
[WhiteTitle "FM"]
[WhiteElo "2296"]
[BlackElo "1978"]
[WhiteFideId "13749692"]
[BlackFideId "2079178"]
[EventDate "2025.06.10"]

1. c4 c6 2. e4 d5 3. cxd5 cxd5 4. exd5 Nf6 5. Qa4+ Nbd7 6. Nc3 g6 7. Bc4 Bg7 8.
d3 O-O 9. Nf3 a6 10. Qa3 Rb8 11. Bb3 b5 12. Qb4 a5 13. Qh4 Nc5 14. Bc2 Nxd5 15.
Nxd5 Qxd5 16. O-O e6 17. d4 Na6 18. Bh6 Bb7 19. Rfe1 Qh5 20. Qxh5 gxh5 21. Bxg7
Kxg7 22. Ng5 h6 23. Nh3 Nb4 24. Be4 Bxe4 25. Rxe4 Rbc8 26. a3 Nd3 27. Re2 Rc4
28. Rd1 Nc1 29. Re5 Rd8 30. Kf1 Rdxd4 31. Rxd4 Rxd4 32. Rxb5 Rd1# 0-1

[Event "Titled Tue 10th Jun Early"]
[Site "chess.com INT"]
[Date "2025.06.10"]
[Round "4"]
[White "Sek, Konstantin"]
[Black "Huseynova, Lala"]
[Result "1-0"]
[WhiteTitle "IM"]
[BlackTitle "WFM"]
[WhiteElo "2368"]
[BlackElo "2045"]
[WhiteFideId "24104302"]
[BlackFideId "13431781"]
[EventDate "2025.06.10"]

1. e4 c5 2. Nf3 d6 3. d4 cxd4 4. Nxd4 Nf6 5. Nc3 a6 6. h3 e5 7. Nb3 h5 8. Qf3
Be6 9. Be3 Nbd7 10. O-O-O b5 11. Bd3 Nb6 12. Kb1 Be7 13. g4 b4 14. Ne2 a5 15.
Bb5+ Nfd7 16. gxh5 a4 17. Nbc1 Nc4 18. Bxc4 Bxc4 19. Ng3 Qa5 20. Nf5 Bf8 21.
Rxd6 1-0

[Event "Titled Tue 10th Jun Early"]
[Site "chess.com INT"]
[Date "2025.06.10"]
[Round "4"]
[White "Myagmarsuren, Evsuld"]
[Black "Sapocinic, Semion"]
[Result "0-1"]
[WhiteTitle "FM"]
[BlackTitle "FM"]
[WhiteElo "2292"]
[BlackElo "2296"]
[WhiteFideId "1551639"]
[BlackFideId "13908693"]
[EventDate "2025.06.10"]

1. e4 c5 2. Nf3 Nc6 3. d4 cxd4 4. Nxd4 Nf6 5. Nc3 e6 6. Nxc6 bxc6 7. e5 Nd5 8.
Ne4 Qc7 9. f4 Qb6 10. c4 Bb4+ 11. Ke2 Ba6 12. Kf3 f5 13. exf6 Nxf6 14. Be3 Qc7
15. Nxf6+ gxf6 16. c5 Bxf1 17. Rxf1 Qb8 18. Qd4 Ke7 19. Rfd1 Rd8 20. f5 Ba5 21.
Qh4 Rh8 22. Rxd7+ Kxd7 23. Qxf6 Qe8 24. Rd1+ Kc7 25. Bf4+ Kb7 26. Qg7+ Ka6 27.
b4 exf5 28. bxa5 Qe4+ 29. Kf2 Qxf4+ 30. Kg1 Rad8 31. Rb1 Qd4+ 32. Qxd4 Rxd4 0-1

[Event "Titled Tue 10th Jun Early"]
[Site "chess.com INT"]
[Date "2025.06.10"]
[Round "4"]
[White "Nguyen Quang Anh"]
[Black "Yushko, Olga"]
[Result "1-0"]
[WhiteTitle "CM"]
[BlackTitle "WFM"]
[WhiteElo "2052"]
[BlackElo "2033"]
[WhiteFideId "12432377"]
[BlackFideId "14114500"]
[EventDate "2025.06.10"]

1. d4 Nf6 2. c4 e6 3. Nc3 d5 4. cxd5 exd5 5. Bg5 Nbd7 6. e3 c6 7. Bd3 Be7 8. Qc2
O-O 9. Nge2 Re8 10. O-O Ne4 11. Bxe7 Qxe7 12. Bxe4 dxe4 13. Rad1 Nf6 14. d5 cxd5
15. Nxd5 Nxd5 16. Rxd5 Be6 17. Rd4 Bf5 18. h3 Qg5 19. Nf4 Qh6 20. g4 Bg6 21. Kg2
Qg5 22. Rd5 Qf6 23. Rfd1 Rac8 24. Qd2 h5 25. g5 Qe7 26. h4 Kh7 27. Rd7 Qe5 28.
Rd5 Qc7 29. Qd4 a6 30. Rd6 Rcd8 31. Rxd8 1-0

[Event "Titled Tue 10th Jun Early"]
[Site "chess.com INT"]
[Date "2025.06.10"]
[Round "4"]
[White "Shandrygin, Nikita"]
[Black "Kulnev, Aleksandr"]
[Result "1-0"]
[WhiteTitle "FM"]
[BlackTitle "CM"]
[WhiteElo "2209"]
[BlackElo "2213"]
[WhiteFideId "24198668"]
[BlackFideId "54157544"]
[EventDate "2025.06.10"]

1. e4 c5 2. b4 cxb4 3. a3 d5 4. exd5 Qxd5 5. Nf3 Nf6 6. axb4 Bg4 7. Nc3 Qe6+ 8.
Qe2 Qd7 9. h3 Bh5 10. g4 Bg6 11. Ne5 Qc8 12. Nb5 Nc6 13. Nd6+ exd6 14. Nxg6+ Qe6
15. Nxh8 Nxb4 16. Kd1 Ne4 17. Bg2 d5 18. Ba3 a6 19. Bxe4 dxe4 20. Re1 O-O-O 21.
Qxe4 Qf6 22. Qf5+ Qxf5 23. gxf5 Bc5 24. Nxf7 Rf8 1-0

[Event "Titled Tue 10th Jun Early"]
[Site "chess.com INT"]
[Date "2025.06.10"]
[Round "4"]
[White "Atakhan, Abtin"]
[Black "Naroditsky, Daniel"]
[Result "0-1"]
[WhiteTitle "IM"]
[BlackTitle "GM"]
[WhiteElo "2388"]
[BlackElo "2619"]
[WhiteFideId "22502203"]
[BlackFideId "2026961"]
[EventDate "2025.06.10"]

1. Nf3 Nf6 2. c4 g6 3. Nc3 Bg7 4. g3 d6 5. Bg2 O-O 6. O-O e5 7. d3 Re8 8. Rb1 c6
9. e4 a5 10. h3 Na6 11. Be3 Nc7 12. a3 d5 13. cxd5 cxd5 14. Bb6 Ra6 15. Bxc7
Qxc7 16. Nxd5 Nxd5 17. exd5 Bf5 18. Re1 Raa8 19. Rc1 Qb6 20. b3 Rad8 21. Nh4 Bd7
22. a4 Qd6 23. Qd2 b6 24. Rc4 f5 25. Nf3 Re7 26. Ng5 h6 27. Nf3 Rde8 28. Nh4 g5
29. Rc6 Qb4 30. Qxb4 axb4 31. Ng6 Rf7 32. Rxb6 Kh7 33. g4 e4 34. dxe4 Bc3 35.
Re2 fxg4 36. e5 Bf5 37. Be4 g3 38. Rc6 gxf2+ 39. Rxf2 Bd4 40. Bxf5 Rxf5 41. Rf6 0-1

[Event "Titled Tue 10th Jun Early"]
[Site "chess.com INT"]
[Date "2025.06.10"]
[Round "4"]
[White "Karttunen, Mika"]
[Black "Chernyavsky, Alexander"]
[Result "1-0"]
[WhiteTitle "IM"]
[BlackTitle "FM"]
[WhiteElo "2490"]
[BlackElo "2332"]
[WhiteFideId "502081"]
[BlackFideId "24131156"]
[EventDate "2025.06.10"]

1. d4 Nf6 2. c4 g6 3. Nc3 Bg7 4. e4 O-O 5. Nf3 d6 6. h3 e5 7. d5 a5 8. Be3 Nfd7
9. g4 Nc5 10. Rg1 c6 11. Bxc5 dxc5 12. Na4 b5 13. cxb5 cxd5 14. Qxd5 Qxd5 15.
exd5 e4 16. Nd2 Bb7 17. Nb6 Bxb2 18. Rb1 Bc3 19. Nxa8 Bxa8 20. Bc4 Nd7 21. Ke2
Nb6 22. Rgc1 Bd4 23. Nb3 Nxd5 24. Bxd5 Bxd5 25. Nxd4 cxd4 26. Rc5 Bxa2 27. Rb2
Be6 28. b6 a4 29. Ra5 Bc8 30. b7 1-0

[Event "Titled Tue 10th Jun Early"]
[Site "chess.com INT"]
[Date "2025.06.10"]
[Round "4"]
[White "Labussiere, Victor"]
[Black "Cordoba Roa, Angel Gabriel"]
[Result "0-1"]
[WhiteTitle "FM"]
[BlackTitle "FM"]
[WhiteElo "2312"]
[BlackElo "2396"]
[WhiteFideId "2183129"]
[BlackFideId "3957624"]
[EventDate "2025.06.10"]

1. c4 e6 2. Nf3 d5 3. g3 Nf6 4. Bg2 dxc4 5. Qa4+ c6 6. Qxc4 b5 7. Qc2 Bb7 8. O-O
Nbd7 9. d3 c5 10. e4 Be7 11. Nc3 a6 12. Be3 O-O 13. h3 Rc8 14. Rfd1 Qa5 15. a3
Rfd8 16. d4 cxd4 17. Nxd4 Ne5 18. Nb3 Qc7 19. Bf4 Nh5 20. Bxe5 Qxe5 21. Rxd8+
Bxd8 22. Rd1 Bb6 23. Kh2 g5 24. Qe2 Nf6 25. Qd3 h5 26. Qd2 h4 27. Qe2 Kh8 28.
Qf3 a5 29. Kh1 b4 30. axb4 axb4 31. Na4 Bxe4 32. Nxb6 Bxf3 33. Nxc8 Bxd1 0-1

[Event "Titled Tue 10th Jun Early"]
[Site "chess.com INT"]
[Date "2025.06.10"]
[Round "4"]
[White "Marchesich, Giovanni"]
[Black "Cordeiro, Marco Aurelio Zaror"]
[Result "1-0"]
[WhiteTitle "CM"]
[WhiteElo "2189"]
[BlackElo "2056"]
[WhiteFideId "2824790"]
[BlackFideId "2117991"]
[EventDate "2025.06.10"]

1. d4 c5 2. c3 e6 3. Nf3 Nf6 4. Bg5 cxd4 5. cxd4 Be7 6. Nc3 d5 7. e3 O-O 8. Bd3
h6 9. Bh4 a6 10. O-O b5 11. Ne5 Bb7 12. f4 Nbd7 13. Qf3 b4 14. Na4 Nxe5 15. fxe5
Ne4 16. Bxe7 Qxe7 17. Bxe4 dxe4 18. Qe2 a5 19. Nc5 Bd5 20. b3 f6 21. exf6 Rxf6
22. Rxf6 Qxf6 23. Rf1 Qe7 24. Qg4 e5 25. Nxe4 Kh8 26. Ng3 exd4 27. Nf5 Qd7 28.
Qxd4 Rd8 29. Nxh6 Qe6 30. Nf7+ 1-0

[Event "Titled Tue 10th Jun Early"]
[Site "chess.com INT"]
[Date "2025.06.10"]
[Round "4"]
[White "Savicevs, Arsenijs"]
[Black "Caprio, Guido"]
[Result "0-1"]
[WhiteTitle "FM"]
[BlackTitle "IM"]
[WhiteElo "2211"]
[BlackElo "2435"]
[WhiteFideId "11617489"]
[BlackFideId "834580"]
[EventDate "2025.06.10"]

1. e4 e5 2. Nf3 Nc6 3. Bc4 Bc5 4. c3 Nf6 5. d3 O-O 6. O-O Re8 7. Re1 Bf8 8. d4
exd4 9. e5 d5 10. Bb5 Ne4 11. cxd4 Bg4 12. Bxc6 bxc6 13. Nc3 f5 14. exf6 Qxf6
15. Be3 Bd6 16. h3 Bh5 17. Rc1 Rf8 18. g4 Bg6 19. Nxe4 Bxe4 20. Ng5 Bg6 21. Qb3
h6 22. Rc5 hxg5 0-1

[Event "Titled Tue 10th Jun Early"]
[Site "chess.com INT"]
[Date "2025.06.10"]
[Round "4"]
[White "Ivanov, Andrey A."]
[Black "Madi, Aidana"]
[Result "1-0"]
[WhiteTitle "CM"]
[BlackTitle "WFM"]
[WhiteElo "2120"]
[BlackElo "1899"]
[WhiteFideId "2514311"]
[BlackFideId "13722689"]
[EventDate "2025.06.10"]

1. Nf3 d5 2. d4 e6 3. c4 c5 4. e3 Nc6 5. Be2 Nf6 6. O-O cxd4 7. exd4 Bd6 8. Nc3
O-O 9. Bg5 h6 10. Bxf6 Qxf6 11. cxd5 exd5 12. Nxd5 Qd8 13. Ne3 Re8 14. Bb5 Bf4
15. Bxc6 bxc6 16. Nc2 Bg4 17. h3 Bf5 18. Nb4 Rc8 19. Nd3 Bd6 20. Rc1 Be4 21.
Nfe5 f6 22. Nc4 Bc7 23. Nc5 Qd5 24. Ne3 Qg5 25. Nxe4 Rxe4 26. Qf3 Rxd4 27. Rxc6
Qe5 28. g3 Rdd8 29. Ng4 Qe6 30. Rxe6 1-0

[Event "Titled Tue 10th Jun Early"]
[Site "chess.com INT"]
[Date "2025.06.10"]
[Round "4"]
[White "Grover, Sahaj"]
[Black "Ternault, Mathieu"]
[Result "1-0"]
[WhiteTitle "GM"]
[BlackTitle "FM"]
[WhiteElo "2465"]
[BlackElo "2275"]
[WhiteFideId "5021103"]
[BlackFideId "20641532"]
[EventDate "2025.06.10"]

1. e4 Nc6 2. Nf3 d6 3. d4 Nf6 4. Nc3 g6 5. Be2 Bg7 6. O-O O-O 7. Be3 e5 8. dxe5
dxe5 9. h3 a6 10. Bc4 b5 11. Bb3 b4 12. Qxd8 Rxd8 13. Nd5 Nxe4 14. Nxc7 Rb8 15.
Bd5 Rxd5 16. Nxd5 Be6 17. Rfd1 Nd4 18. Nxd4 exd4 19. Bxd4 Bxd5 20. Bxg7 Be6 21.
Be5 Rc8 22. Rd4 f5 23. f3 Ng5 24. Rad1 Nf7 25. Bf6 a5 26. R1d2 h6 27. b3 Kh7 28.
Re2 Rc6 29. Rdd2 g5 30. Bb2 Kg6 31. Kf2 f4 32. c3 bxc3 33. Bxc3 Bxb3 34. axb3
Rxc3 35. Re6+ Kf5 36. Ra6 Rc5 37. Ra2 Ne5 38. R6xa5 Rc1 39. Re2 Rc5 40. Rxc5 1-0

[Event "Titled Tue 10th Jun Early"]
[Site "chess.com INT"]
[Date "2025.06.10"]
[Round "4"]
[White "Sindarov, Islombek"]
[Black "Looi, Xin Hao"]
[Result "1-0"]
[WhiteTitle "CM"]
[BlackTitle "CM"]
[WhiteElo "2129"]
[BlackElo "2009"]
[WhiteFideId "14205475"]
[BlackFideId "5702828"]
[EventDate "2025.06.10"]

1. a3 d5 2. g3 Nf6 3. Bg2 e6 4. Nf3 Be7 5. O-O O-O 6. b3 b6 7. Bb2 Bb7 8. d3 c5
9. Nbd2 Nc6 10. c4 d4 11. Rb1 e5 12. b4 cxb4 13. axb4 Bxb4 14. Nxe5 Nxe5 15.
Bxb7 Rb8 16. Bg2 a5 17. Nf3 Nxf3+ 18. Bxf3 Qd7 19. Qb3 h5 20. Ba3 Bxa3 21. Qxa3
h4 22. Kg2 g6 23. Rb5 Kg7 24. Rfb1 hxg3 25. fxg3 Rh8 26. h4 Qe6 27. c5 Nd5 28.
cxb6 Nc3 29. Qxa5 Rhe8 30. R1b2 Qe3 31. Qa1 Nxb5 32. Rxb5 Re5 33. Rb4 g5 34.
Rxd4 Kg8 35. b7 Qd2 36. Rd8+ Rxd8 37. Qxe5 Qb4 38. Qxg5+ Kh7 39. Qxd8 1-0

[Event "Titled Tue 10th Jun Early"]
[Site "chess.com INT"]
[Date "2025.06.10"]
[Round "4"]
[White "Devagharan, Devina"]
[Black "Rasch, Holger"]
[Result "1-0"]
[WhiteTitle "WFM"]
[BlackTitle "FM"]
[WhiteElo "1860"]
[BlackElo "2246"]
[WhiteFideId "2061600"]
[BlackFideId "4615670"]
[EventDate "2025.06.10"]

1. d4 Nf6 2. c4 e6 3. Nc3 c5 4. d5 exd5 5. cxd5 d6 6. e4 g6 7. f4 Bg7 8. Nf3 O-O
9. Be2 b5 10. e5 dxe5 11. fxe5 Ng4 12. Bxb5 Nxe5 13. O-O Bb7 14. Bf4 Nbd7 15.
Re1 a6 16. Ba4 Nxf3+ 17. Qxf3 Nb6 18. Bc6 Bxc6 19. dxc6 Bd4+ 20. Kh1 Nc4 21. c7
Qd7 22. Nd5 Kh8 23. Rad1 Qf5 24. Ne7 Qf6 25. c8=Q Raxc8 26. Nxc8 Rxc8 27. Qb7
Rd8 28. Bg3 Kg8 29. Rf1 Qg7 30. Qc7 Rf8 31. Bd6 Ne3 32. Bxf8 Qxf8 33. Rde1 Nxf1
34. Rxf1 Bxb2 35. Qc6 1-0

[Event "Titled Tue 10th Jun Early"]
[Site "chess.com INT"]
[Date "2025.06.10"]
[Round "4"]
[White "Ahmad, Khagan"]
[Black "Khazhatuly, Alikhan"]
[Result "1-0"]
[WhiteTitle "IM"]
[BlackTitle "CM"]
[WhiteElo "2394"]
[BlackElo "2173"]
[WhiteFideId "13431552"]
[BlackFideId "13731335"]
[EventDate "2025.06.10"]

1. d4 d5 2. c4 e6 3. Nf3 Nf6 4. Nc3 c6 5. Bg5 Be7 6. e3 h6 7. Bf4 O-O 8. Qc2 Re8
9. a3 Nbd7 10. c5 b6 11. b4 a5 12. Rb1 axb4 13. axb4 Ba6 14. Bxa6 Rxa6 15. b5
cxb5 16. c6 Nf8 17. Nxb5 Ng6 18. Nc7 Nxf4 19. Nxa6 Nxg2+ 20. Kf1 Qc8 21. Kxg2
Qxa6 22. Ne5 Bd6 23. Nd7 b5 24. Ra1 Qc8 25. Nxf6+ gxf6 26. Ra7 e5 27. Rd7 Re6
28. Rg1 e4 29. Kh1+ Kf8 30. c7 Ke8 31. Rd8+ Qxd8 32. Rg8+ 1-0

[Event "Titled Tue 10th Jun Early"]
[Site "chess.com INT"]
[Date "2025.06.10"]
[Round "4"]
[White "Borgaonkar, Akshay"]
[Black "Titus, Andrew"]
[Result "1-0"]
[WhiteTitle "FM"]
[WhiteElo "2453"]
[BlackElo "2246"]
[WhiteFideId "25639110"]
[BlackFideId "2059770"]
[EventDate "2025.06.10"]

1. e4 c5 2. Nf3 d6 3. d4 cxd4 4. Nxd4 Nf6 5. Nd2 e5 6. Nb5 a6 7. Nc3 b5 8. a4 b4
9. Nd5 Nxd5 10. exd5 Nd7 11. Nc4 Be7 12. Be3 O-O 13. a5 f5 14. Nb6 Bb7 15. Nxd7
Qxd7 16. Bc4 f4 17. Bb6 e4 18. Qd2 Qg4 19. Qxb4 e3 20. f3 Bh4+ 21. Kf1 Qg6 22.
Bd3 Qf7 23. Qe4 g6 24. Qe6 Bxd5 25. Qxf7+ Kxf7 26. Ke2 Rfc8 27. g3 fxg3 28. hxg3
Bxg3 29. Rxh7+ Kf6 30. Bxe3 Re8 31. Rg1 Rxe3+ 32. Kxe3 Re8+ 33. Kd4 Bf2+ 34.
Kxd5 Bxg1 35. Rh6 Re5+ 36. Kxd6 Rxa5 37. Rxg6+ Kf7 38. Rxg1 Ra2 39. Bc4+ 1-0

[Event "Titled Tue 10th Jun Early"]
[Site "chess.com INT"]
[Date "2025.06.10"]
[Round "4"]
[White "Demchenko, Yaroslav"]
[Black "Caruana, Fabiano"]
[Result "0-1"]
[WhiteTitle "CM"]
[BlackTitle "GM"]
[WhiteElo "2263"]
[BlackElo "2777"]
[WhiteFideId "14186667"]
[BlackFideId "2020009"]
[EventDate "2025.06.10"]

1. e4 e6 2. d4 d5 3. Bd3 Nc6 4. Nf3 Nb4 5. Nc3 Nxd3+ 6. Qxd3 Nf6 7. e5 Nd7 8.
Bg5 Be7 9. h4 h6 10. Bxe7 Qxe7 11. h5 a6 12. Rh3 b6 13. Rg3 Qf8 14. Nh4 Bb7 15.
f4 O-O-O 16. O-O-O Qe7 17. Rh1 Rhg8 18. f5 Kb8 19. Ne2 Ka7 20. Nf4 Nb8 21. fxe6
fxe6 22. Nhg6 Qd7 23. Rf1 c5 24. Rgf3 Nc6 25. Ne2 Qc7 26. Kb1 Rge8 27. g4 a5 28.
a3 Ba6 29. Rf7 Rd7 30. Rxd7 Qxd7 31. Qd2 cxd4 32. Rf2 d3 33. cxd3 Rc8 34. Nc3
Nd4 35. Qf4 Bxd3+ 36. Kc1 Nb3+ 37. Kd1 d4 38. Qf7 Qxf7 39. Rxf7+ Ka6 40. Ne2
Bc2+ 41. Ke1 d3 0-1

[Event "Titled Tue 10th Jun Early"]
[Site "chess.com INT"]
[Date "2025.06.10"]
[Round "4"]
[White "Cherukuri, Nitesh"]
[Black "Jaiveer, Mahendru"]
[Result "1-0"]
[WhiteTitle "CM"]
[BlackTitle "FM"]
[WhiteElo "2171"]
[BlackElo "2217"]
[WhiteFideId "30978688"]
[BlackFideId "25611151"]
[EventDate "2025.06.10"]

1. Nf3 Nf6 2. g3 e6 3. Bg2 d5 4. b3 Be7 5. Bb2 O-O 6. O-O a5 7. d3 b5 8. a3 c5
9. Nbd2 Nc6 10. e4 Bb7 11. exd5 exd5 12. Ne5 Bd6 13. f4 Nd7 14. Bxd5 Bxe5 15.
fxe5 Ndxe5 16. Bg2 Qc7 17. Qh5 f6 18. Ne4 c4 19. d4 Ng6 20. Qxb5 cxb3 21. Qxb3+
Kh8 22. Nc5 Rab8 23. Ne6 Qd6 24. Nxf8 Nxd4 25. Nxg6+ hxg6 26. Qd3 Bxg2 27. Qxd4
Qc6 28. Rf2 Be4 29. Re1 Bf5 30. c4 a4 31. c5 Kg8 32. Qd6 Qb5 33. c6 1-0

[Event "Titled Tue 10th Jun Early"]
[Site "chess.com INT"]
[Date "2025.06.10"]
[Round "4"]
[White "Goh, Zi Han"]
[Black "Ser, Daniel"]
[Result "0-1"]
[WhiteTitle "FM"]
[BlackTitle "CM"]
[WhiteElo "2275"]
[BlackElo "2005"]
[WhiteFideId "5819156"]
[BlackFideId "12829404"]
[EventDate "2025.06.10"]

1. c4 e5 2. a3 d6 3. b4 f5 4. Bb2 Nf6 5. e3 Nbd7 6. Nc3 g6 7. Nf3 Bg7 8. g3 e4
9. Nd4 Ne5 10. f4 exf3 11. Nxf3 O-O 12. Be2 Qe7 13. Qb3 Kh8 14. Nd5 Nxd5 15.
cxd5 c6 16. dxc6 bxc6 17. O-O Be6 18. Qc2 Bd5 19. Rac1 Rac8 20. Nxe5 dxe5 21.
Qc5 Qd7 22. Bc3 Rfe8 23. Bc4 Bf8 24. Qxf8+ Rxf8 25. Bxe5+ Kg8 26. Ba6 Rce8 27.
Bd4 f4 28. Rxf4 Qh3 29. Bf1 Qh5 30. Bc5 Rxf4 31. exf4 Re2 0-1

[Event "Titled Tue 10th Jun Early"]
[Site "chess.com INT"]
[Date "2025.06.10"]
[Round "4"]
[White "Sanal, Vahap"]
[Black "Akkara, Omer"]
[Result "1-0"]
[WhiteTitle "GM"]
[BlackTitle "CM"]
[WhiteElo "2564"]
[BlackElo "2036"]
[WhiteFideId "6300545"]
[BlackFideId "26319802"]
[EventDate "2025.06.10"]

1. e4 d5 2. exd5 Nf6 3. d4 Qxd5 4. Nc3 Qd8 5. Nf3 e6 6. Bd3 Be7 7. O-O h6 8. Re1
O-O 9. Ne5 Kh8 10. Be3 Nbd7 11. Qf3 c6 12. Qh3 Ng8 13. Rad1 Bg5 14. f4 Be7 15.
Qxe6 fxe6 16. Ng6+ Kh7 17. Nxf8+ Kh8 18. Ng6+ Kh7 19. Nxe7+ g6 20. Nxg6 Kg7 21.
d5 exd5 22. Bd4+ Ndf6 23. f5 b6 24. Nf4 c5 25. Be5 Kf7 26. Ncxd5 Nxd5 27. Bc4
Bb7 28. Nxd5 Kf8 29. Nf4 Qg5 30. Ne6+ 1-0

[Event "Titled Tue 10th Jun Early"]
[Site "chess.com INT"]
[Date "2025.06.10"]
[Round "4"]
[White "Sathvik Adiga"]
[Black "Zeliantsova, Kseniya"]
[Result "1-0"]
[WhiteTitle "IM"]
[BlackTitle "WFM"]
[WhiteElo "2341"]
[BlackElo "2062"]
[WhiteFideId "25745700"]
[BlackFideId "13512617"]
[EventDate "2025.06.10"]

1. e4 c5 2. Nf3 Nc6 3. d4 cxd4 4. Nxd4 g6 5. c4 Bg7 6. Be3 Nf6 7. Nc3 Ng4 8.
Qxg4 Nxd4 9. Qd1 Ne6 10. Qd2 O-O 11. Be2 d6 12. Rc1 Nc5 13. f3 a5 14. O-O Be6
15. Rfd1 Rc8 16. Nb5 b6 17. Nd4 Bd7 18. Bh6 f5 19. Bxg7 Kxg7 20. exf5 Bxf5 21.
Qe3 Qd7 22. f4 Rce8 23. Bf3 e5 24. Bc6 Qc8 25. Bxe8 Rxe8 26. Nb5 Bg4 27. Nxd6
Qc6 28. Nxe8+ Qxe8 29. Rd6 e4 30. Qd4+ Kh6 31. Re1 Qf7 32. h3 Bc8 33. Qe3 Kg7
34. Rxb6 Qxc4 35. Rc1 1-0